Indian States and Union Territories Quiz - Statistics

General Stats
  • This quiz has been taken 309 times
    186 since last reset
  • The average score is 27 of 36
Answers on the Map
Answers color-coded by a green-red scale on the quiz's map according to % correct below.
 
Answer Stats
State/UT % Correct
Jammu and Kashmir
94%
Delhi
91%
Uttar Pradesh
91%
Goa
90%
Gujarat
90%
Tamil Nadu
90%
West Bengal
90%
Kerala
88%
Rajasthan
88%
Punjab
83%
Andaman and Nicobar Islands
80%
Assam
80%
Bihar
80%
Maharashtra
80%
Karnataka
78%
Madhya Pradesh
78%
Andhra Pradesh
76%
Odisha
76%
Arunachal Pradesh
74%
Himachal Pradesh
73%
Telangana
73%
Haryana
72%
Ladakh
71%
Sikkim
71%
Nagaland
69%
Uttarakhand
67%
Chhattisgarh
66%
Meghalaya
66%
Jharkhand
65%
Mizoram
64%
Puducherry
62%
Tripura
62%
Manipur
58%
Chandigarh
53%
Lakshadweep
51%
Dadra and Nagar Haveli and Daman and Diu
49%
No matching quizzes found
Score Distribution
Percent of People with Each Score
Percentile by Number Answered
Your Score History
You have not taken this quiz since the last reset